Top 5 comuni più popolosi per provincia - Toscana - Statistics

Statistiche generali
  • Questo quiz è stato fatto 95 volte
  • Il punteggio medio è 27 su 50
Statistiche sulle risposte
Provincia Comune N° abitanti % Corretto
Prato Prato 198.034
95%
Arezzo Arezzo 96.426
93%
Firenze Firenze 363.837
93%
Livorno Livorno 153.186
93%
Lucca Lucca 89.136
93%
Massa-Carrara Massa 65.987
93%
Pisa Pisa 89.371
93%
Pistoia Pistoia 89.116
93%
Carrara 59.793
92%
Grosseto Grosseto 81.636
92%
Siena Siena 53.011
90%
Viareggio 60.793
90%
Monte Argentario 11.793
80%
Empoli 49.003
77%
Piombino 32.443
72%
Scandicci 49.403
70%
Sesto Fiorentino 49.147
70%
Campi Bisenzio 47.561
62%
Montecatini Terme 21.180
62%
Cascina 44.814
58%
Cecina 28.064
58%
Orbetello 14.186
58%
Pontedera 29.670
55%
Rosignano Marittimo 30.043
55%
Camaiore 31.860
53%
Follonica 20.319
52%
Aulla 10.655
47%
Poggibonsi 28.191
47%
Pietrasanta 22.835
45%
Colle di Val d'Elsa 21.621
43%
Montevarchi 24.208
42%
Cortona 21.042
40%
Montepulciano 13.237
37%
Pescia 19.253
37%
Montemurlo 19.107
35%
Quarrata 26.899
35%
Sansepolcro 15.149
35%
San Giuliano Terme 30.762
32%
San Miniato 27.807
32%
Collesalvetti 16.407
30%
Vaiano 9.889
30%
Sinalunga 12.016
27%
Monsummano Terme 20.821
22%
Poggio a Caiano 9.940
22%
Carmignano 14.705
18%
Montignoso 10.058
18%
San Giovanni Valdarno 16.485
18%
Fivizzano 7.041
17%
Roccastrada 8.792
12%
Capannoni 46.343
10%
Nessun quiz corrispondente trovato
Distribuzione punteggi
Percentuale di utenti per punteggio
Percentile per numero di risposta
I tuoi punteggi nel tempo
Non hai fatto questo quiz